| 000 | 00972cam a22003374a 4500 | ||
|---|---|---|---|
| 005 | 20260322212041.0 | ||
| 008 | data | ||
| 010 | _a 2001048339 | ||
| 020 | _a9781586481612 | ||
| 020 | _a1891620754 | ||
| 020 | _a9781891620751 | ||
| 040 |
_aDLC _cDLC _dYDX |
||
| 041 | 0 | 9 | _aeng |
| 042 |
_anlmcopyc _anlmcopyc |
||
| 043 | _an-us-ma | ||
| 044 | _9United States | ||
| 049 | _aNLMM | ||
| 050 | 0 | 0 |
_aRC445.M4 _bB442 2001 |
| 060 | 1 | 0 |
_aWM 28 AM4 _bB366g 2001 |
| 082 | 0 | 0 |
_a362.2/1/097444 _221 |
| 092 | _a362.21 B366 2001 | ||
| 100 | 1 | _aBeam, Alex. | |
| 245 | 1 | 0 |
_aGracefully insane : _blife and death inside America's premier mental hospital / _cAlex Beam. |
| 260 |
_aNew York : _bPublic Affairs, _cc2001. |
||
| 300 |
_a273 p. : _bill. ; _c24 cm. |
||
| 504 | _aIncludes bibliographical references (p. 249-255) and index. | ||
| 610 | 2 | 2 | _aMcLean Hospital |
| 650 | 2 |
_aHospitals, Psychiatric _xhistory _zMassachusetts |
|
| 650 | 3 |
_aMcLean Hospital _xHistory |
|
| 001 | data | ||
| 999 |
_c956 _d956 |
||